000 00528nam a2200157Ia 4500
008 230907s9999||||xx |||||||||||||| ||und||
082 _a621.3095491
_bMUN
100 _aMuneeb Hussain(00000172243)
_9116440
245 0 _aPerformance Evaluation & Economic Analysis of Mini/Micro Hydel Plants (MHPs) Installed in Gilgit-Baltistan (GB) /
260 _aUSPCAS-E, NUST,
_bIslamabad :
_c2019
300 _a105 p.
520 _aTH-142
650 _aMS-ESE Thesis MS Thesis
700 _aDr. Parvez Akhtar
_929068
942 _cTHE
_2ddc
999 _c601821
_d601821